Günümüzden geçmişe karşılaştırmalı 1982 anayasası/ (Record no. 14916)
[ view plain ]
| 000 -BAŞLIK | |
|---|---|
| Sabit Uzunlukta Kontrol Alanı | 00704nam a22002297a 4500 |
| 999 ## - SİSTEM KONTROL NUMARALARI (KOHA) | |
| Koha Biblionumber | 14916 |
| Koha Biblioitemnumber | 14916 |
| 003 - KONTROL NUMARASI IDENTIFIER | |
| Denetim Alanı | MIRAKIL |
| 005 - SON İŞLEM TARİHİ VE ZAMANI | |
| Denetim Alanı | 20220517143945.0 |
| 008 - SABİT-BOY VERİ ELEMANLARI - GENEL BİLGİLER | |
| Sabit Uzunlukta Kontrol Alanı | 220517b tu ||||| |||| 00| 0 tur d |
| 020 ## - ULUSLARARASI STANDART KİTAP NUMARASI | |
| Uluslararası Standart Kitap Numarası | 9789753536561 |
| 040 ## - KATALOGLAMA KAYNAK | |
| Orijinal Kataloglama Ajansı | TR-AnCHP |
| Kataloglama Dili | tur |
| Metne Dönüştürmek Ajansı | TR-AnCHP |
| 041 ## - DİL KODU | |
| Metin / Ses Parça Veya Ayrı Başlığın Dil Kodu | tur |
| 082 ## - DEWEY ONLU SINIFLANDIRMA NUMARASI | |
| Sınıflandırma Numarası | 342.02 |
| Ürün Numarası | A91g 2021 |
| 100 ## - ANA GİRİŞ - KİŞİSEL İSİM | |
| Kişisel Ad | Aybay, Rona |
| 245 ## - BAŞLIK TABLOSU | |
| Başlık | Günümüzden geçmişe karşılaştırmalı 1982 anayasası/ |
| Sorumluluk Tablosu, Vb | Rona Aybay , Ahmet Yağlı. |
| 260 ## - YAYIN, DAĞITIM, VB | |
| Yayın, Dağıtım, Vb Yeri | İstanbul : |
| Yayıncı, Dağıtıcı, Vs Adı | Der Yayınları, |
| Yayın, Dağıtım, Vb Tarihi | 2021. |
| 300 ## - FİZİKSEL TANIM | |
| Kapsam | xxxıv, 523 s. |
| Boyutlar | 24 sm. |
| 490 0# - SERİSİ TABLOSU | |
| Seri Beyanı | Der yayınları ; |
| Hacim / Ardışık Tanımı | 501. |
| 650 ## - KONU KATMA GİRİŞ - TOPİKAL DÖNEM | |
| Topikal Süreli Veya Coğrafi Ad Giriş Elemanı | Anayasa hukuku |
| Genel Alt Bölümü | Kanunlar |
| Coğrafi Alt Bölümü | Türkiye |
| 651 ## - KONU KATMA GİRİŞ - COĞRAFİ ADI | |
| Coğrafi İsim | Türkiye |
| Genel Alt Bölümü | Anayasa, 1982 |
| 700 ## - KATMA GİRİŞ - KİŞİSEL İSİM | |
| 9 (RLIN) | 7088 |
| Kişisel Ad | Yağlı, Ahmet |
| 942 ## - EKLENDİ GİRİŞ ELEMANLARI (KOHA) | |
| Sınıflandırma Veya Raf Düzeni Kaynak | Dewey Decimal Classification |
| Koha Öğesi Türü | Books |
| Kalıcı Konum | Mevcut Konum | Edinme Tarihi | Toplam Check-Out'Lar | Tam Çağrı Numarası | Barkod | Tarih Son Görülme | İtibaren Geçerli Fiyatlar | Koha Öğesi Türü |
|---|---|---|---|---|---|---|---|---|
| CHP Kütüphanesi | CHP Kütüphanesi | 05/17/2022 | 342.02 A91g 2021 | 020444 | 05/17/2022 | 05/17/2022 | Books |
